|
|
|
|
| LEADER |
00000cam a2200000 a 4500 |
| 001 |
vtls010635436 |
| 003 |
SK-MaSNL |
| 005 |
20260301043020.0 |
| 008 |
250312s1974 xo g 000 0 slo |
| 035 |
|
|
|a D76AFCE5-FF45-4BBB-820B-F2125F62580F
|
| 035 |
|
|
|a urn:nbn:sk:snk-amlez6
|
| 035 |
|
|
|a urn:nbn:sk:snk-am008z1a
|
| 040 |
|
|
|a SNK
|b slo
|c SNK
|e AACR2
|
| 041 |
0 |
|
|a slo
|
| 043 |
|
|
|a e-uk-en
|
| 044 |
|
|
|a xo
|c SK
|
| 080 |
|
|
|a 070.48
|2 2001
|
| 080 |
|
|
|a (410.1)
|2 2001
|
| 080 |
|
|
|a (048.8)
|2 2001
|
| 100 |
1 |
|
|a Vojtek, Juraj,
|d 1936-2016
|4 aut
|9 195147
|
| 245 |
1 |
0 |
|a Najvýznamnejšie komunistické noviny na svete - pokus o monografiu moskovskej Pravdy
|b z dejín anglickej robotníckej tlače
|c Juraj Vojtek
|
| 260 |
|
|
|a Bratislava
|b Československý rozhlas - Slovenský zväz novinárov
|c 1974
|
| 300 |
|
|
|a 45, 83, [1] s.
|c 4°
|
| 650 |
0 |
7 |
|a noviny
|2 SNKPH
|9 1420
|
| 651 |
|
7 |
|a Anglicko
|2 SNKPH
|9 168041
|
| 655 |
|
7 |
|a štúdie
|2 SNKPH
|9 57033
|
| 852 |
|
|
|a Slovenská národná knižnica
|
| 958 |
|
|
|a OND
|
| 999 |
|
|
|c 592439
|d 594369
|
| 952 |
|
|
|a SNK
|b SNK
|y PREZ
|7 0
|p 17A0987675
|o snkSB 30918
|i snkD 1091/87
|8 1
|0 0
|1 0
|4 0
|d 2014-11-13
|f 1
|l 0
|r 2025-04-04 00:00:00
|w 2026-02-23
|